000
00311nam a2200145Ia 4500
008
230523s9999 xx 000 0 und d
082
_a
519 GUN
100
_a
Gun, A.M.
245
0
_a
Fundamentals of Statistics
260
_a
Kolkata
260
_b
World Press
260
_c
2017
300
_a
619
942
_c
RB
999
_c
3607
_d
3607